| 000 | 00458nam a22001457a 4500 | ||
|---|---|---|---|
| 020 | _a9789332518407 | ||
| 040 | _cNUST | ||
| 082 | _a004.16 MAZ | ||
| 100 |
_aMazidi, Muhammad Ali _918480 |
||
| 110 |
_aNaimi, Sarmad. Naimi, Sepehr _991957 |
||
| 245 |
_aThe AVR Microcontroller and Embedded Systems: _bUsing Assembly and C |
||
| 260 |
_aIndia: _bPearson Education, _c2014. |
||
| 650 |
_aThe AVR Microcontroller and Embedded Systems _991958 |
||
| 942 |
_2ddc _cBK |
||
| 999 |
_c590069 _d590069 |
||